[Event "Alcobendas m"]
[Site "Alcobendas"]
[Date "1993.??.??"]
[Round "6"]
[White "Kramnik, Vladimir"]
[Black "Illescas Cordoba, Miguel"]
[Result "1/2-1/2"]
[WhiteElo "2710"]
[BlackElo "2625"]
[Annotator "Ftacnik,L"]
[PlyCount "55"]
[EventDate "1993.11.??"]
[EventType "match"]
[EventRounds "6"]
[EventCountry "ESP"]
[SourceTitle "CBM 039"]
[Source "ChessBase"]
[SourceDate "1994.04.01"]
[SourceVersion "1"]
[SourceVersionDate "1994.04.01"]
[SourceQuality "1"]

1. d4 Nf6 2. c4 e6 3. Nf3 c5 4. d5 exd5 5. cxd5 d6 6. Nc3 g6 7. h3 Bg7 8. e4
O-O 9. Bd3 a6 10. a4 Nh5 11. O-O Nd7 12. Bg5 Bf6 13. Be3 Re8 14. Qd2 Qc7 15.
Rfc1 Ne5 16. Be2 Nxf3+ 17. Bxf3 Ng7 18. a5 Be5 19. Na4 f5 20. Nb6 Rb8 21. Nc4
$5 fxe4 22. Bxe4 Bxb2 23. Qxb2 Rxe4 24. f3 Re8 25. Bf4 Nf5 (25... Rd8 26. Nxd6
(26. Qf6 Ne8) 26... Rxd6 (26... Ne8 27. Nxe8 Qxf4 28. Qg7#) 27. Qe5 $18) 26.
Nxd6 $1 Nxd6 27. Qf6 Bf5 (27... Rd8 28. Be5 $18) 28. Bxd6 (28. Bxd6 Qd8 29.
Qxd8 Rbxd8 30. Bxc5 Rxd5 $10) 1/2-1/2

[Event "Bundesliga 9394"]
[Site "Germany"]
[Date "1994.04.16"]
[Round "12.1"]
[White "Rozentalis, Eduardas"]
[Black "Kramnik, Vladimir"]
[Result "0-1"]
[WhiteElo "2605"]
[BlackElo "2710"]
[Annotator "Kramnik,V"]
[PlyCount "74"]
[EventDate "1993.11.06"]
[EventType "team-tourn"]
[EventRounds "15"]
[EventCountry "GER"]
[SourceTitle "CBM 043"]
[Source "ChessBase"]
[SourceDate "1994.12.01"]
[SourceVersion "1"]
[SourceVersionDate "1994.12.01"]
[SourceQuality "1"]
[WhiteTeam "Koblenz"]
[BlackTeam "Empor Berlin"]
[WhiteTeamCountry "GER"]
[BlackTeamCountry "GER"]

1. e4 c5 2. Nf3 Nc6 3. Bb5 g6 4. O-O Bg7 5. c3 Nf6 6. Re1 O-O 7. d4 d5 8. e5 $5
(8. exd5 Qxd5 $1 9. dxc5 (9. c4 Qd6 10. dxc5 Qxd1 11. Rxd1 Ne4 12. Bxc6 bxc6
13. Na3 Bg4 14. Nc2 Nxc5 15. Ncd4 Rfc8 $10 {Torre-Kotronias/Manila ol/1992/})
9... Qxc5 10. Bxc6 $6 Qxc6 $1 11. Rxe7 Be6 12. Nd4 Qd6 13. Rxb7 Ng4 14. g3 Rfd8
15. Bg5 (15. Bf4 Qd5 16. Rc7 g5 17. Be3 Nxe3 18. fxe3 Qe4 $19) 15... Bxd4 $1
16. Qxd4 (16. cxd4 Qd5 $1) 16... Qf8 $1 17. Bxd8 (17. Qa4 Qc5 $1) 17... Qh6 $1
$19 {Vedder-Jakovic/Leeuwarden op/1992/23/0-1/}) 8... Ne4 9. h3 (9. Nbd2 cxd4
10. cxd4 Qb6 11. Bxc6 Qxc6 12. Nxe4 dxe4 13. Ng5 Rd8 $15 {Polgar,J-Kramnik,V/
Monaco blind/1994/0-1/40/ ;EXP 40}) (9. Bxc6 bxc6 10. Nbd2 cxd4 11. cxd4 c5 $10
) 9... Qb6 10. Ba4 (10. Bxc6 Qxc6 11. Bf4 b6 $15) 10... Bf5 (10... Be6 $5 {
/\ f6}) 11. Na3 (11. Re2 $142 $10 {/\ Be3, Nbd2}) 11... cxd4 12. cxd4 f6 $1 13.
Bb3 Rad8 (13... e6 14. Be3 $1 $13 (14. g4 $2 fxe5 $44)) 14. exf6 (14. g4 $2 Be6
15. Rxe4 dxe4 16. Bxe6+ Kh8 $17) 14... exf6 $15 15. Nc2 Rfe8 16. Bf4 Be6 17.
Re2 (17. Ne3 g5 $1 18. Bh2 f5 $36) 17... g5 $1 18. Bh2 f5 (18... h6 $15) 19.
Qe1 Bf7 $1 (19... f4 $2 20. Nd2 $1 {/\} Nxd4 $2 21. Nxd4 Bxd4 22. Nxe4 dxe4 23.
Rxe4 $18) (19... g4 $2 20. hxg4 fxg4 21. Nd2 g3 22. Nxe4 $5 gxh2+ 23. Kxh2 dxe4
24. Rxe4) 20. Rd1 (20. Ne3 Nxd4 $1 21. Nxd4 Bxd4 22. Nxf5 Bc5 $17 {><f2} 23.
Kf1 Qf6 $5) 20... f4 21. g3 fxg3 (21... Kh8 $5) 22. fxg3 Rf8 23. Kg2 $2 (23. g4
$1 $15) 23... Na5 $1 $17 24. Qb4 (24. Re3 Nc4 $5 25. Bxc4 dxc4 26. Rxe4 Bd5)
24... Qxb4 25. Nxb4 Nxb3 26. axb3 Rd6 $1 {><b3} 27. Nd3 Rb6 28. b4 Rc8 29. Nfe5
Be8 30. g4 Ba4 $1 31. Ra1 Bb5 32. Rd1 (32. Ra3 Ra6) 32... Bf8 {/\ Bb4} 33. Rde1
$6 (33. Re3 $142 Rc2+ $17) 33... Bd6 $1 34. Re3 (34. Rd1 Bxb4 $19) 34... Rc2+
35. Kg1 Bxd3 36. Rxd3 Rxb2 37. Rc1 R6xb4 0-1

[Event "Bundesliga 9394"]
[Site "Germany"]
[Date "1994.04.17"]
[Round "13.1"]
[White "Kramnik, Vladimir"]
[Black "Lutz, Christopher"]
[Result "1-0"]
[WhiteElo "2710"]
[BlackElo "2595"]
[Annotator "Kramnik,V"]
[PlyCount "109"]
[EventDate "1993.11.06"]
[EventType "team-tourn"]
[EventRounds "15"]
[EventCountry "GER"]
[SourceTitle "CBM 043"]
[Source "ChessBase"]
[SourceDate "1994.12.01"]
[SourceVersion "1"]
[SourceVersionDate "1994.12.01"]
[SourceQuality "1"]
[WhiteTeam "Empor Berlin"]
[BlackTeam "Porz"]
[WhiteTeamCountry "GER"]
[BlackTeamCountry "GER"]

1. Nf3 d5 2. d4 Nf6 3. c4 e6 4. Nc3 Be7 5. Bg5 h6 6. Bh4 O-O 7. e3 Ne4 8. Bxe7
Qxe7 9. cxd5 Nxc3 10. bxc3 exd5 11. Qb3 Rd8 12. c4 dxc4 13. Bxc4 Nc6 14. Be2 b6
$1 (14... Bg4 15. O-O $14) 15. O-O Bb7 16. Rac1 Na5 17. Qb2 Rac8 $10 18. h3 (
18. Rc3 c5 19. Qa3 Kf8 $10) 18... c5 19. dxc5 (19. Qa3 Kf8 20. dxc5 Rd5 $5 $10)
19... Rxc5 20. Rxc5 Qxc5 21. Rc1 Qe7 22. Nd4 Qg5 (22... Rc8 23. Rxc8+ Bxc8 24.
Qc3 $14) (22... Qf6 23. Qc3 $5 {/\} Rc8 24. Qxc8+ Bxc8 25. Rxc8+ Kh7 26. Bd3+
g6 27. Rc7) 23. Bg4 Qd5 (23... Nc4 $2 24. Rxc4 Qd5 25. Bf3 Qxc4 26. Bxb7) (
23... h5 24. Bf3 $14) 24. Bf3 Qd7 25. Bxb7 Nxb7 (25... Qxb7 $2 26. Nf5 $16) 26.
Nc6 Ra8 (26... Qd2 27. Qxd2 (27. Qa3) 27... Rxd2 28. Ne7+ $5 {/\ Rc7}) 27. Qd4
Nc5 $2 (27... Qxd4 $2 28. exd4 $36) (27... Qe6 $1 28. Qc4 Qe8 $10 {/\ Nc5}) 28.
Qxd7 Nxd7 29. Rd1 Nc5 30. g4 $14 g6 $2 {><h6} (30... Kf8 $14) 31. Kg2 Kg7 {
/\ Rc8} 32. Rd2 $1 a6 (32... Ne4 33. Rd7 $16 {><f7}) 33. Rd6 Rc8 34. Nd4 b5 35.
h4 $1 $16 {/\ h5} b4 (35... a5 36. Nxb5 Rb8 37. Nc3 Rb2 38. Rd5) 36. Rb6 a5 37.
Rb5 Nd3 38. Rxa5 Ne1+ 39. Kg3 Nc2 40. Nb3 $6 (40. Nf3 $1 Rc3 41. Ne5 Kf6 (41...
Ra3 42. Rxa3 bxa3 43. Nd3 $1 $18) 42. Kf4 g5+ 43. hxg5+ hxg5+ 44. Ke4 $18)
40... Na3 41. Ra4 Rc4 42. Nd4 $1 Nc2 43. Nf3 Rc5 (43... Rc3 44. Ne5 Kf6 45. Kf4
) 44. Ra7 g5 (44... Na3 $142 45. g5 h5 $8) 45. h5 $18 Kg8 46. Nd2 Na3 47. Ne4
Rc2 (47... Rc6 48. Kf3 $5 {/\ Ng3}) 48. Rb7 Rxa2 49. Rxb4 Rc2 50. Rb6 Kh7 (
50... Kg7 51. Nd6) 51. Rb7 (51. Nd6 $2 Nc4 52. Rc6 Nxe3) 51... Kg8 52. Nd6 Rc6
53. Nxf7 Nc4 54. Rd7 (54. Nxh6+ Rxh6 55. Rb5) 54... Rf6 55. Rd4 $1 (55. Rd4
Nxe3 56. Nxh6+) 1-0

[Event "Groningen PCA"]
[Site "Groningen"]
[Date "1993.??.??"]
[Round "1"]
[White "Kramnik, Vladimir"]
[Black "Ribli, Zoltan"]
[Result "1-0"]
[WhiteElo "2710"]
[BlackElo "2610"]
[Annotator "Belov,I"]
[PlyCount "58"]
[EventDate "1993.12.??"]
[EventType "swiss"]
[EventRounds "11"]
[EventCountry "NED"]
[SourceTitle "CBM 039"]
[Source "ChessBase"]
[SourceDate "1994.04.01"]
[SourceVersion "1"]
[SourceVersionDate "1994.04.01"]
[SourceQuality "1"]

1. c4 Nf6 2. Nc3 e6 3. Nf3 c5 4. g3 b6 5. Bg2 Bb7 6. O-O Be7 7. Re1 d5 8. cxd5
exd5 (8... Nxd5 9. e4 Nxc3 10. bxc3 O-O 11. d4 Nd7 12. Bf4 Nf6 13. Ne5 Rc8 14.
Qd3 $14 {Beliavsky,A-Tiviakov,S/Beograd/1991/1.0 (56)/}) 9. d4 O-O 10. Bf4 (10.
Bg5 Nbd7 (10... Na6 11. Rc1 h6 (11... Re8 12. e3 Ne4 $10) 12. Be3 $1 Re8 13.
Qa4 cxd4 14. Nxd4 Nc5 15. Qc2 Ng4 16. Bf4 Bf6 17. Nf5 $14 {Podzielny,K-Ftacnik,
L/BRD/1993/}) 11. e3 Ne4 12. Bxe7 Qxe7 13. Rc1 Rfd8 14. Nd2 Rac8 15. Bh3 $14 {
Tregubov-Brodskij,M/R0stov/1993/1:0 (44)/}) 10... Nbd7 (10... Na6 $5 11. Rc1 (
11. Ne5 $5 {Vaganian/}) 11... Ne4 12. dxc5 Naxc5 13. Be5 Re8 14. Nb5 Bf8 15.
Nbd4 a5 $13 {Csom,I-Barczay,L/HUN(ch)/1977/}) 11. dxc5 bxc5 $6 (11... Nxc5 $5
12. Rc1 Nfe4 $14) 12. Nh4 $1 Nb6 13. Nf5 $16 Re8 (13... Qd7 14. e4 $5 (14. Bh3
Kh8) 14... d4 15. Nb5 Qxb5 16. Nxe7+ Kh8 17. Nf5 $16) 14. Nb5 Qd7 (14... Nh5
15. Bd6 Bf8 16. e4 Nf6 17. e5 $16) 15. Nbd6 Bxd6 16. Nxd6 Re6 $6 (16... Red8
17. Rc1 c4 (17... Bc6 18. e4 (18. Rxc5 $2 Nh5 $1) 18... Nxe4 19. Nxe4 dxe4 20.
Qxd7 Nxd7 21. Bxe4 $16) 18. Nxb7 Qxb7 19. Be5 $16) 17. Bh3 Bc6 18. Qc1 c4 19.
Be5 $1 Rf8 (19... Qe7 20. Bxe6 (20. Nf5 Qf8 21. Qg5 Rxe5 22. Nh6+ Kh8 23. Qxe5
Re8 $17) 20... Qxe6 21. Qf4 Nh5 22. Qf5 g6 23. Qxe6 fxe6 24. b3 $18) 20. Qf4
Nh5 21. Bxe6 $1 (21. Qd4 $2 f6 22. Bxe6+ Qxe6 23. Bf4 Nxf4 24. Qxf4 g5 $19)
21... fxe6 22. Qd4 $18 Nf6 23. b3 Ba8 24. f3 Qc6 25. Rac1 Nfd7 26. bxc4 dxc4
27. Bxg7 Rxf3 28. exf3 Qxf3 29. Ne4 Nd5 1-0

[Event "Groningen PCA"]
[Site "Groningen"]
[Date "1993.??.??"]
[Round "5"]
[White "Kramnik, Vladimir"]
[Black "Hodgson, Julian M"]
[Result "1-0"]
[WhiteElo "2710"]
[BlackElo "2625"]
[Annotator "Kramnik,V"]
[PlyCount "64"]
[EventDate "1993.12.??"]
[EventType "swiss"]
[EventRounds "11"]
[EventCountry "NED"]
[SourceTitle "CBM 039"]
[Source "ChessBase"]
[SourceDate "1994.04.01"]
[SourceVersion "1"]
[SourceVersionDate "1994.04.01"]
[SourceQuality "1"]

1. Nf3 {Hertneck} d5 2. d4 Nf6 3. c4 c6 4. Nc3 dxc4 5. a4 Bf5 6. Ne5 e6 7. f3
Bb4 8. e4 Bxe4 9. fxe4 Nxe4 10. Bd2 Qxd4 11. Nxe4 Qxe4+ 12. Qe2 Bxd2+ 13. Kxd2
Qd5+ 14. Kc2 Na6 15. Nxc4 Ke7 $5 (15... O-O 16. Qe3 Qf5+ 17. Kb3 Nc5+ 18. Ka3
b5 19. axb5 cxb5 20. Na5 b4+ 21. Ka2 Rfd8 22. Bc4 b3+ 23. Nxb3 Nxb3 24. Qxb3
$16 {Wijesundara,R-Tilmatine,A/Manila olm/1992/0.5 (65)}) (15... Qf5+ 16. Kc1 (
16. Kc3 $1 O-O (16... Qc5 17. Qe5 Qb4+ 18. Kc2 O-O-O 19. Be2 Rd5 20. Qxg7 Rhd8
21. Qc3 Qc5 22. Rhd1 Qf2 23. Qf3 Qc5 24. Qxf7 $16 {Solozhenkin,E-Sort/Berga (2)
/1993/1-0 (47)}) 17. Qe5 Qf2 18. Bd3 Rad8 19. Rhf1 Qh4 20. Qe4 Qh6 21. Qe3 Qh4
$16 {Karpov,An-Tukmakov,V/Gijon/1988/}) 16... O-O-O 17. Qe5 Qf2 18. Qe3 Qxe3+
19. Nxe3 Nc5 20. Ra3 Rd4 21. a5 Rhd8 22. Bc4 Nd3+ 23. Kb1 Nf4 24. Rc3 $14 {
Ghitescu,Th-Neamtu,S/Bucuresti/1966/1-0 (28)}) (15... O-O-O {Hertneck}) 16. Qe5
(16. Rd1 $2 Qf5+ 17. Kc1 Nb4 18. b3 Rhd8 $40) 16... Rhd8 (16... f6 17. Qg3 $16)
17. Be2 f6 (17... Nb4+ 18. Kb3 Qxe5 19. Nxe5 Rd2 20. Bf3 Nd5 21. Rad1 Rxd1 22.
Rxd1 Rc8 23. h4 Rc7 24. g4 $13 {Zueger,B-Hertneck,G/Mitropa-Cup (5)/1990/0.5 
(32)}) (17... Qxg2 $2 18. Rhg1 Qd5 19. Raf1 $18) 18. Qe3 $1 (18. Qxd5 cxd5 $10)
(18. Qg3 {Hertneck} Qe4+ 19. Kc3 Kf8 $13 (19... Qxe2 $4 20. Rhe1 $18)) 18...
Nb4+ $2 (18... Qf5+ $142 19. Kc3 (19. Kb3 b5 $5 $13) 19... Nc7 20. Qg3 Nd5+ 21.
Kb3 $14) 19. Kb3 a5 20. Rad1 Qf5 21. Qc3 $1 $16 (21. g4 $4 Qc2+ 22. Ka3 Qxc4 $1
$19) (21. Nb6 Qc2+ 22. Ka3 Rab8 $13) 21... b5 $2 (21... Qc5 22. Nxa5 $18) (
21... Nd5 $8 22. Qg3 g5 $16 (22... Qg6 $13 {Hertneck})) 22. Nxa5 $1 (22. axb5
Qxb5 (22... cxb5 $2 23. Nxa5) (22... Nd5 $2 23. Qg3 a4+ 24. Ka3 cxb5 25. Qxg7+
Ke8 26. Nd6+ $1 Rxd6 27. Bxb5+ Kd8 28. Qf8+) 23. Nxa5 Nd3+ 24. Kc2 Qa4+ (24...
Nb4+ $2 25. Qxb4+) 25. Kb1 Rxa5 26. Bxd3 Qa1+ 27. Kc2 Qa4+ 28. Kd2 (28. Kc1 {
Hertneck} Rdd5 29. Bc4 $1 Rdc5 30. b3 $16) 28... Qf4+ 29. Kc2 Qa4+ 30. b3 Qa2+
31. Qb2 Rc5+ 32. Bc4 Rxc4+ 33. bxc4 Qxc4+ $10) 22... c5 (22... bxa4+ 23. Kxb4
Rdb8+ (23... Qxa5+ 24. Ka3 Qxc3+ 25. bxc3 $18) 24. Ka3 Rb3+ (24... Rxa5 25.
Qxc6 $1 Rb3+ 26. Ka2 $18) (24... Qxa5 25. Qxa5 Rxa5 26. Bc4 Rc5 27. Rc1 $18)
25. Nxb3 axb3+ 26. Kxb3 Rb8+ 27. Ka2 (27. Kc4 $2 {Hertneck} Qe4+ $1) 27... Ra8+
28. Qa3+ Rxa3+ 29. Kxa3 $18) 23. Bxb5 $1 (23. Nb7 bxa4+ (23... c4+ $6 24. Bxc4
bxc4+ 25. Qxc4 Nd3 26. Nxd8 Rxd8 27. Rhf1 $16) 24. Ka3 Nc2+ 25. Ka2 Nb4+ $10 {
Ftacnik}) (23. Rxd8 bxa4+ 24. Kxa4 Rxd8 $16) 23... Rxa5 (23... Rxd1 24. Rxd1
Rxa5 25. Rd7+ Kf8 26. Qg3 $18) 24. Rhf1 Qh5 25. g4 $1 Qe5 (25... Qg5 26. h4 Qe5
) 26. Qxe5 fxe5 27. Rxd8 Kxd8 28. Kc4 $18 Ke7 29. Kxc5 Nd5 30. b4 Ra8 31. Bc6
Rc8 32. b5 e4 1-0

[Event "Groningen PCA"]
[Site "Groningen"]
[Date "1993.??.??"]
[Round "9"]
[White "Kramnik, Vladimir"]
[Black "Kaidanov, Gregory S"]
[Result "1-0"]
[WhiteElo "2710"]
[BlackElo "2640"]
[Annotator "Kramnik,V"]
[PlyCount "61"]
[EventDate "1993.12.??"]
[EventType "swiss"]
[EventRounds "11"]
[EventCountry "NED"]
[SourceTitle "CBM 039"]
[Source "ChessBase"]
[SourceDate "1994.04.01"]
[SourceVersion "1"]
[SourceVersionDate "1994.04.01"]
[SourceQuality "1"]

1. Nf3 {Chekhov} d5 2. d4 Nf6 3. c4 e6 4. Nc3 dxc4 5. e4 Bb4 6. Bg5 c5 7. Bxc4
cxd4 8. Nxd4 Bxc3+ 9. bxc3 Qa5 10. Bb5+ Nbd7 (10... Bd7 {Chekhov} 11. Bxf6 gxf6
12. Qb3 O-O (12... a6 13. Be2 Nc6 14. O-O O-O (14... Qc7 15. Rab1 Na5 16. Qa3
Rc8 17. Rfd1 $14 {Kasparov,G-Hjartarson,J/Tilburg/1989/1:0 (26) Inf 48/551/})
15. Rad1 $14 {Eingorn,V-Gelfand,B/Debrecen/1989/1:0 (37) Inf 48/550/}) 13. O-O
Nc6 14. Bxc6 Bxc6 15. Nxc6 bxc6 16. Rae1 Rfd8 17. e5 fxe5 18. Qc4 Rd5 19. Qg4+
Kh8 20. c4 Rc5 21. Rd1 e4 $1 22. Qxe4 Qc3 23. Rd4 Rg8 24. Rfd1 {Khenkin,
I-Rechlis,G/Tel Aviv/1992/} Rg6 $132) 11. Bxf6 Qxc3+ 12. Kf1 (12. Ke2 {Chekhov}
Qb2+ 13. Kf1 gxf6 14. h4 e5 15. Nb3 a6 16. Be2 Nf8 17. Qd6 Be6 18. Rd1 Rc8 19.
Nc5 Qb4 20. Nxe6 Qxd6 21. Rxd6 Nxe6 22. g3 Rc1+ 23. Kg2 Rxh1 24. Kxh1 Ke7 25.
Rb6 Nc5 26. Bc4 $44 {Tukmakov,V-De La Villa Garcia,J/Leon/1992/ Inf 54/414/})
12... gxf6 13. h4 (13. Nxe6 $6 {Chekhov} Qe5 $1 14. Ng7+ $6 (14. Nd4 O-O 15.
Rc1 Nc5 $10) 14... Kf8 15. Nf5 Qxb5+ 16. Kg1 Qe5 17. h4 Rg8 18. Rh3 Rg6 19. Rc1
Nb6 $19 {Lobron,E-Polgar,Zs/Dortmund/1990/0:1 (38) Inf 49/483/}) (13. Nf5 $5 {
Chekhov Zueger,B-Costa,J/Bern/1991/0,5 (34) Inf 53/401/} exf5 $5 14. Rc1 Qe5
15. Rxc8+ Rxc8 16. Qxd7+ Kf8 17. Qxc8+ Kg7 18. Qxf5 Qa1+ 19. Ke2 Qxh1 20. e5 (
20. Qg4+ Kf8 $10) 20... Qxg2 21. Qxf6+ Kg8 $10) 13... a6 (13... Ke7 {Chekhov}
14. Rh3 Qc5 15. Rb1 Rd8 16. Qc1 $16 Qb6 (16... a6 $5 17. Ra3 Qb6 18. Nc6+ bxc6
19. Bxc6 Qa7 20. Rc3 Rb8 21. Qa3+ Nc5 22. Rxc5 Rxb1+ 23. Rc1+ Rd6 24. Rxb1 Qd4
$10 {Lukacs,P-Dzevlan,M/Budapest/1991/ Inf 54/414/}) 17. Rd3 $1 Nc5 18. Qa3 {
Dzhanzhava,L-Maljutin,E/SSSR/1991/1:0 (31) Inf 54/414/} Rd6 $1 $13) 14. Rh3 (
14. Ba4 Ke7 15. Rh3 Qc4+ 16. Kg1 Nc5 17. Bb3 Qb4 18. Rc1 Bd7 19. Re3 Rac8 20.
Rc4 Qb6 21. e5 fxe5 22. Rxe5 Nxb3 23. Nf5+ Kd8 24. Nd6 $40 {Magerramov,
E-Galliamova Ivanchuk,A/Rostov op/1993/1-0 (49)}) (14. Rc1 Qb4 15. Be2 $5 (15.
Ba4 {Chekhov} Ke7 16. Rh3 Nc5 17. Bb3 Bd7 18. Rc4 Qa5 19. Qc2 Rac8 20. Rhc3 b6
$17 {Nikolic,Pr-Gelfand,B/Sarajevo(m/4)/1991/0,5 (61) Inf 51/418/}) 15... O-O
16. Rh3 Kh8 17. Rg3 Rg8 18. Rcc3 Ne5 19. Rxg8+ Kxg8 20. Rg3+ Kf8 21. Nf3 Nc6
22. e5 $1 fxe5 23. Nxe5 Qd4 24. Nd3 $5 $13 {Wegner,H-Khalifman,A/Hamburg/1991/
0-1 (41)}) 14... Qa5 15. Be2 Nc5 $6 (15... Ke7 16. Rc1 Rd8 17. Qc2 Ne5 18. Qb2
Rd6 $1 19. Rb3 b5 $1 $8 20. f4 Nc4 21. Bxc4 bxc4 22. Rxc4 (22. e5 $2 fxe5 23.
fxe5 Rxd4 $1 24. Qxd4 $10 {Browne,W-Petursson,M/St.Martin/1991/0.5 (29)}) 22...
Bd7 23. a4 Rd8 24. e5 $16 {Cramling,P-Rodriguez Talavera,JC/Dos Hermanas (06)/
1992/1-0 (32)}) (15... O-O {Chekhov} 16. Rg3+ Kh8 17. Qc1 Rg8 18. Rxg8+ Kxg8
19. Qh6 $44) 16. Nb3 $1 Nxb3 17. Qxb3 e5 {?! Chekhov} (17... Qc7 18. Rd1 (18.
Rb1 Bd7 19. Qxb7 Qxb7 20. Rxb7 Bc6 21. Rc7 Bxe4 22. Bxa6 O-O {Gruenberg,
HU-Horvath,C/Budapest Kasparov (02)/1991/0.5 (23)}) 18... Bd7 19. Qb2 $1 O-O-O
$8 20. Rc1 Bc6 21. Bxa6 $1 Rd6 $8 22. Be2 Rhd8 $5 23. Qxf6 Rd2 24. Ra3 $16 {
Akopian,V-Horvath,Cs/Niksic/1991/1-0 (34)}) 18. Rf3 (18. Rd3 Qc7 $13 {/\ Qe7,
Be6}) (18. Rg3 Qc7 19. Bc4 b5 20. Bd5 Bb7 $13) (18. Rc3 Be6 $1 19. Qxb7 Qxc3
20. Qxa8+ Ke7 21. Qb7+ Kf8 22. Rd1 Bxa2 23. Qxa6 Be6 $10) 18... Qd8 (18... Ke7
19. Rc1 $16) (18... Be6 $142 19. Qxb7 O-O 20. Qe7 Qd8 21. Qxf6 (21. Qc5 $5 $16)
21... Qxf6 22. Rxf6 Rfd8 $16) 19. Rc1 $1 $16 (19. Rd1 $6 {Chekhov} Qe7) 19...
Qe7 (19... Bg4 $6 20. Rd3 (20. Rfc3 Bxe2+ 21. Kxe2 O-O $13) 20... Bxe2+ 21.
Kxe2 Qe7 22. Qb6 Qe6 (22... Rd8 23. Rc7 $18) 23. Qxe6+ fxe6 24. Rc7 $18) (19...
Be6 20. Qxb7 O-O 21. Rd1 Qe8 22. Rxf6 $16) (19... b5 20. Rc6 $1 Be6 21. Qa3 Qe7
22. Bxb5 $1 Qxa3 23. Rxa6+ Ke7 24. Rfxa3 $16) (19... O-O 20. Qe3 (20. Rd3 {
Chekhov} Qe7 21. Qb6 Be6 22. Rc7 Qe8 23. Rxb7 $16) 20... Kh8 21. Qh6 Rg8 (21...
Be6 22. Rd3 Qe7 23. Rc7 $1) 22. Rd3 Qe7 (22... Qf8 23. Qxf6+ Qg7 $16) 23. Rc7
$1 Qe6 24. Rd6 $3 Qxd6 25. Rxf7 Bf5 26. exf5 $18) 20. Qb6 Qd8 $6 (20... Bg4 21.
Rc7 Qe6 22. Qxb7 Rd8 23. Bc4 $1 Bxf3 24. gxf3 Qh3+ (24... Qd6 25. Bxf7+ Kf8 26.
Bd5 $18) 25. Ke2 O-O 26. Rxf7 $18) (20... O-O 21. Rc7 Qe6 22. Rxf6 (22. Qe3 $5)
(22. Qc5 {Chekhov} Bd7 23. Rg3+ Kh8 24. Bc4 Bb5 25. Qxb5 axb5 26. Bxe6 fxe6 27.
Rgg7 $18) 22... Qxb6 23. Rxb6 $18) (20... Qe6 $1 21. Rxf6 Qxb6 22. Rxb6 Be6 $16
) 21. Rc7 Qd4 $8 (21... O-O {Chekhov} 22. Rd3 $18) 22. Re7+ $1 (22. Qxd4 exd4
23. Bc4 $16) 22... Kxe7 (22... Kf8 23. Rxf7+ Kg8 24. Rg7+ Kxg7 25. Qxf6+ Kg8
26. Qf8#) 23. Qxf6+ Kd7 24. Rd3 (24. Qxf7+ Kd8 (24... Kc6 25. Rf6+ Kc5 26. Qe7+
) 25. Rd3 Bd7 26. Rxd4 exd4 27. Qf6+ Kc7 28. Qe5+ Kc6 {/\ Rae8}) (24. Qxh8 $4 {
Chekhov} Qa1+) 24... Qxd3 25. Bxd3 Re8 (25... Rf8 26. Bc4) 26. Bc4 Re7 27. Bxf7
Kd8 (27... b5 28. Bd5 Ra7 29. Bc6+ Kd8 30. Qf8+) 28. Qb6+ Kd7 29. Bb3 $1 Ke8
30. Ba4+ Kf7 (30... Bd7 31. Bxd7+ (31. Qxb7 {Chekhov} Rd8 32. Qxa6 $18) 31...
Rxd7 32. Qe6+ Kd8 33. Qg8+) 31. Qd8 1-0

[Event "Candidates FIDE m5"]
[Site "Wijk aan Zee"]
[Date "1994.??.??"]
[Round "1"]
[White "Yudasin, Leonid"]
[Black "Kramnik, Vladimir"]
[Result "0-1"]
[WhiteElo "2625"]
[BlackElo "2710"]
[Annotator "Chekhov,V"]
[PlyCount "60"]
[EventDate "1994.01.16"]
[EventType "match"]
[EventRounds "7"]
[EventCountry "NED"]
[SourceTitle "CBM 039"]
[Source "ChessBase"]
[SourceDate "1994.04.01"]
[SourceVersion "1"]
[SourceVersionDate "1994.04.01"]
[SourceQuality "1"]

1. e4 c5 2. Nf3 Nc6 3. d4 cxd4 4. Nxd4 Nf6 5. Nc3 e5 6. Ndb5 d6 7. Nd5 Nxd5 8.
exd5 Ne7 9. a4 $5 $146 Nf5 10. c3 g6 11. Be2 $6 (11. Bd3 $5 Bg7 12. O-O O-O 13.
Qb3 Re8 14. Re1 b6 (14... Bd7 $5) 15. a5 a6 16. axb6 Rb8 17. Na3 Rxb6 18. Qa4
$14 {Yudasin,L-Kramnik,V/Wijk aan Zee(m/3)/1994/0,5 (62)/}) 11... Bg7 12. O-O
O-O 13. Qb3 Re8 14. Qb4 e4 15. Bf4 (15. Kh1 Be5 {/\Qh4|^/}) 15... Be5 16. Bxe5
Rxe5 17. Rad1 Nh4 $1 18. Kh1 (18. Qxd6 $6 Qg5 19. g3 Bh3 20. Rfe1 Rd8 21. Qc7
Qf6 22. Nd4 Rexd5) (18. Nxd6 $6 a5 19. Qa3 Qg5 20. g3 Bg4 $1 21. gxh4 Bf3+ 22.
hxg5 Rxg5#) 18... Qg5 19. Rg1 (19. g3 Bg4 $1 20. gxh4 Bxe2 $1 $19) 19... Bg4
20. Bxg4 Qxg4 21. Rde1 (21. Qxd6 Nf3 $1 22. Rdf1 (22. Nd4 Nxg1 23. Rxg1 Rh5)
22... Rg5 $17) 21... Qf4 22. Qxd6 (22. Nxd6 Rh5 $1 23. Qxe4 (23. Rxe4 Nf3 $1)
23... Qxd6) 22... Nf5 23. Qc7 (23. Qb4 Qxf2 24. Rxe4 Rae8 25. Rxe5 Rxe5 $36)
23... e3 24. Rxe3 $2 (24. h3 exf2 25. Qxe5 Ng3+ 26. Kh2 Nf1+ 27. Kh1 fxe1=Q 28.
Qxf4 Ng3+ 29. Kh2 Qxg1+ 30. Kxg3 Re8 $1 31. Nd4 Re3+ 32. Nf3 Re2 $17) (24. Nd4
exf2 25. Rxe5 Ng3+ 26. hxg3 Qh6+) 24... Qxe3 $3 $19 25. Nd6 (25. fxe3 Ng3+ 26.
hxg3 Rh5#) 25... Re7 26. Nxf5 gxf5 27. Qd6 Qe5 28. Qb4 Rae8 29. Qh4 f6 30. h3
Qxd5 0-1